One Tottenham Hotspur Player by Nation - Statistics

General Stats
  • This quiz has been taken 3,716 times
    2,072 since last reset
  • The average score is 16 of 22
Answer Stats
Nation Players % Correct
England Harry Kane | Darren Anderton | Jermain Defoe | +106 others
100%
France Hugo Lloris | Moussa Sissoko | Younès Kaboul | +15 others
96%
Wales Gareth Bale | Ben Davies | Simon Davies | +5 others
95%
Brazil Lucas Moura | Heurelho Gomes | Sandro | +5 others
95%
Argentina Érik Lamela | Mauricio Taricco | Giovani Lo Celso | +5 others
93%
Netherlands Rafael van der Vaart | Edgar Davids | Vincent Janssen | +7 others
92%
South Korea Son Heung-min | Lee Young-pyo
89%
Spain Roberto Soldado | Fernando Llorente | Sergio Reguilón | +4 others
88%
Croatia Luka Modrić | Vedran Ćorluka | Ivan Perišić | +1 other
87%
Belgium Jan Vertonghen | Mousa Dembélé | Toby Alderweireld | + 2 others
85%
Italy Guglielmo Vicario | Destiny Udogie | Nicola Berti | +2 others
79%
Denmark Christian Eriksen | Allan Nielsen | Pierre Højbjerg
78%
Ireland Robbie Keane | Stephen Carr | Gary Doherty | +5 others
77%
Sweden Dejan Kulusevski | Erik Edman | Lucas Bergvall
76%
Germany Steffen Freund | Jürgen Klinsmann | Christian Ziege | +2 others
63%
United States Kasey Keller | Brad Friedel | Clint Dempsey | +1 other
62%
Romania Vlad Chiricheș | Gheorghe Popescu | Radu Drăgușin | +1 other
61%
Iceland Gylfi Sigurðsson | Eiður Guðjohnsen | Guðni Bergsson
55%
Portugal José Dominguez | Pedro Mendes | Hélder Postiga | +3 others
39%
Cameroon Benoît Assou-Ekotto | Sébastien Bassong | Timothée Atouba | +1 other
37%
Scotland Colin Calderwood | Neil Sullivan | Alan Hutton | +4 others
23%
Norway Steffen Iversen | Erik Thorstvedt | Øyvind Leonhardsen | +1 other
14%
No matching quizzes found
Score Distribution
Percent of People with Each Score
Percentile by Number Answered
Your Score History
You have not taken this quiz since the last reset